000 00346pam a2200157a 44500
008 230515b1982 xxu||||| |||| 00| 0 eng d
020 _aNULL
041 _aENGLISH
082 _a622.338 MEE
100 _aMEEHAN D NATHAN
245 _aRESEVVOIR ENGINEERING MANUAL
250 _a1
260 _a
_bNA
_c1982
300 _a364
650 _aNULL
999 _c637841
_d637841